LEADER 00544nam 2200157z- 450 001 9910690035903321 035 $a(CKB)5470000002334905 035 $a(EXLCZ)995470000002334905 100 $a20230503cuuuuuuuu -u- - 101 0 $aeng 200 00$aEnvironmental quality, (the ... annual report of the Council on Environmental Quality.) 517 $aEnvironmental quality, 906 $aDOCUMENT 912 $a9910690035903321 996 $aEnvironmental quality, (the ... annual report of the Council on Environmental Quality.)$93125968 997 $aUNINA LEADER 01356nam 2200385 450 001 9910376592703321 005 20230807213502.0 035 $a(CKB)3780000000084297 035 $a(WaSeSS)IndRDA00104284 035 $a(EXLCZ)993780000000084297 100 $a20180904d2015 uy 0 101 0 $aeng 135 $aur||||||||||| 181 $ctxt$2rdacontent 182 $cc$2rdamedia 183 $acr$2rdacarrier 200 00$aGRADES 2015 $ethird International Workshop on Graph Data Management Experiences and Systems /$fprogram committee, Renzo Angles [and twenty one others] 210 1$aNew York :$cACM,$d2015. 215 $a1 online resource (84 pages) 311 $a1-4503-3611-6 517 1 $aGraph Data Management Experiences and Systems 2015 517 1 $aProceedings of the GRADES '15 :$eproceedings of the Graph Data Management Experiences and Systems 2015 606 $aGraph theory$xData processing$vCongresses 606 $aDatabase management$vCongresses 615 0$aGraph theory$xData processing 615 0$aDatabase management 676 $a511.5 702 $aAngles$b Renzo 712 12$aInternational Conference on Management of Data$f(2015 :$eMelbourne, Vic.), 801 0$bWaSeSS 801 1$bWaSeSS 906 $aBOOK 912 $a9910376592703321 996 $aGRADES 2015$91917697 997 $aUNINA